000 00637nam a22002057a 4500
008 200224b xxu||||| |||| 00| 0 eng d
020 _a9789937910262
041 _aNep.
082 _aN301/A417s
100 _aAcharya, Balram
241 _aSamajsastriya sidhantaharu
245 _aसमाजशास्त्रीय सिद्धान्तहरू /
_cबलराम आचार्य.-
250 _a2nd ed.
260 _aKathmandu:
_bNational Book Center,
_c2076B.S.
300 _a330p.
504 _aBibliography:p.324-327
650 _aSociology
650 _aEducational sociology
_96115
942 _2ddc
_cISBN
999 _c114601
_d114589